Southville International School and Colleges
Your cart is empty.
  • Cart
  • Lists
    Public lists Eva Luna New books Lux_list list_1
    Your lists Log in to create your own lists
  • Log in to your account
  • Your cookies
  • Search history
Southville International School and Colleges
  • Advanced search
  • Recent comments
  • Most popular
  • Libraries

Log in to your account

Log in with GOOGLE


If you do not have an external account, but do have a local account, you can still log in:

  1. Home
  2. MARC view: A royal makeover /
Normal view MARC view ISBD view

A royal makeover / (Record no. 12453)

[ view plain ]
MARC details
000 -LEADER
fixed length control field 01071cam a22003257a 4500
001 - CONTROL NUMBER
control field 15702023
003 - CONTROL NUMBER IDENTIFIER
control field LC
005 - DATE AND TIME OF LATEST TRANSACTION
control field 20160322151604.0
008 - FIXED-LENGTH DATA ELEMENTS--GENERAL INFORMATION
fixed length control field 090416s2009 nyua j 000 1 eng
010 ## - LIBRARY OF CONGRESS CONTROL NUMBER
LC control number 2009901207
Canceled/invalid LC control number 2009926900
020 ## - INTERNATIONAL STANDARD BOOK NUMBER
International Standard Book Number 9781423122852
040 ## - CATALOGING SOURCE
Original cataloging agency DLC
Transcribing agency DLC
050 ## - LIBRARY OF CONGRESS CALL NUMBER
Classification number PZ 7
Item number .B495 2009
082 ## - DEWEY DECIMAL CLASSIFICATION NUMBER
Classification number FIC
Item number B35 2009
100 1# - MAIN ENTRY--PERSONAL NAME
Personal name Bergen, Lara,
Dates associated with a name 1955-
9 (RLIN) 22289
245 12 - TITLE STATEMENT
Title A royal makeover /
Statement of responsibility, etc adapted by Lara Bergen.
250 ## - EDITION STATEMENT
Edition statement 1st ed.
260 ## - PUBLICATION, DISTRIBUTION, ETC. (IMPRINT)
Place of publication, distribution, etc New York :
Name of publisher, distributor, etc Disney Press,
Date of publication, distribution, etc 2009.
300 ## - PHYSICAL DESCRIPTION
Extent 31 p. :
Other physical details col. ill. ;
Dimensions 23 cm.
500 ## - GENERAL NOTE
General note "Based on the teleplay by Annie DeYoung. Based on the story by David Morgasen and Annie DeYoung."
650 ## - SUBJECT ADDED ENTRY--TOPICAL TERM
Topical term or geographic name as entry element Fiction
9 (RLIN) 746
650 ## - SUBJECT ADDED ENTRY--TOPICAL TERM
Topical term or geographic name as entry element Princesses -- Juvenile fiction.
650 ## - SUBJECT ADDED ENTRY--TOPICAL TERM
Topical term or geographic name as entry element Schools -- Juvenile fiction.
650 ## - SUBJECT ADDED ENTRY--TOPICAL TERM
Topical term or geographic name as entry element Friendship -- Juvenile fiction.
730 0# - ADDED ENTRY--UNIFORM TITLE
Uniform title Princess protection program (Motion picture)
9 (RLIN) 22290
906 ## - LOCAL DATA ELEMENT F, LDF (RLIN)
a 7
b cbc
c orignew
d 4
e epcn
f 20
g y-gencatlg
942 ## - ADDED ENTRY ELEMENTS (KOHA)
Source of classification or shelving scheme Library of Congress Classification
Koha item type Books
Holdings
Withdrawn status Lost status Source of classification or shelving scheme Damaged status Home library Current library Shelving location Date acquired Total Checkouts Full call number Barcode Date last seen Copy number Price effective from Koha item type
    Library of Congress Classification   Luxembourg Library Luxembourg Library Fiction Section 10/01/2013   PZ 7 .B495 2009 17931 02/04/2015 1 10/03/2013 Books

A royal makeover /

APA

Bergen L., . (2009). A royal makeover. New York: Disney Press.

Chicago

Bergen Lara, . 2009. A royal makeover. New York: Disney Press.

Harvard

Bergen L., . (2009). A royal makeover. New York: Disney Press.

MLA

Bergen Lara, . A royal makeover. New York: Disney Press. 2009.

  • Place hold
  • Print
  • Cite
  • Add to your cart (remove)
  • Save record
    BIBTEX Dublin Core MARCXML MARC (non-Unicode/MARC-8) MARC (Unicode/UTF-8) MARC (Unicode/UTF-8, Standard) MODS (XML) RIS
  • More searches
    Search for this title in:
    Other Libraries (WorldCat) Other Databases (Google Scholar) Online Stores (Bookfinder.com) Open Library (openlibrary.org)

Exporting to Dublin Core...

SOUTHVILLE LIBRARY

Southville International School and Colleges Library

1281 Tropical Ave. Cor. Luxembourg St., BF Homes International, Las Pinas City

Tel. No. 8256374 / 252358 Loc. 117/146

Powered by Koha